LEADER 02023 am 22006253u 450 001 9910306644703321 005 20240118055719.0 010 $a3-653-02821-3 024 7 $a10.3726/978-3-653-02821-8 035 $a(CKB)2550000001163557 035 $a(MiAaPQ)EBC1564730 035 $a(oapen)https://directory.doabooks.org/handle/20.500.12854/27958 035 $a(EXLCZ)992550000001163557 100 $a20131226h20132013 uy| 0 101 0 $ager 135 $aurcnu|||||||| 181 $2rdacontent$ctxt 182 $2rdamedia$cc 183 $2rdacarrier$acr 200 10$aQuantitative Analyse der o?konomischen Bedeutung eines Unternehmens$evor dem Hintergrund neuer Herausforderungen der Industriepolitik$fDirk Heeger 210 $aBern$cPeter Lang International Academic Publishing Group$d2013 210 1$aFrankfurt am Main :$cPL Academic Research,$d[2013] 210 4$d©2013 215 $a1 online resource (393 pages) $cillustrations 225 1 $aSozialo?konomische Schriften$x0172-1747$vBand 47 311 $a3-631-62790-4 311 $a1-306-14442-6 320 $aIncludes bibliographical references. 410 0$aSozialo?konomische Schriften$vBd. 47. 606 $aIndustrial policy$zGermany 610 $aAnalyse 610 $aBedeutung 610 $aeines 610 $aHeeger 610 $aHerausforderungen 610 $aHintergrund 610 $aIndustriepolitik 610 $aInput-Output-Rechnung 610 $aneuer 610 $aökonomischen 610 $aQuantitative 610 $aSatellitensysteme 610 $aUnternehmens 610 $aUnternehmensanalyse 610 $aVolkswirtschaftliche Gesamtrechnungen 615 0$aIndustrial policy 700 $aHeeger$b Dirk$0962744 801 0$bMiAaPQ 801 1$bMiAaPQ 801 2$bMiAaPQ 801 2$bCH-ZuSLS UZB ZB 906 $aBOOK 912 $a9910306644703321 996 $aQuantitative Analyse der o?konomischen Bedeutung eines Unternehmens$92183005 997 $aUNINA LEADER 05268nam 22004933 450 001 9910794554803321 005 20210901203649.0 010 $a94-6428-002-6 035 $a(CKB)4100000011961313 035 $a(MiAaPQ)EBC28668965 035 $a(Au-PeEL)EBL28668965 035 $a(OCoLC)1255777674 035 $a(EXLCZ)994100000011961313 100 $a20210901d2021 uy 0 101 0 $aeng 135 $aurcnu|||||||| 181 $ctxt$2rdacontent 182 $cc$2rdamedia 183 $acr$2rdacarrier 200 10$aBreaking and Making the Ancestors $ePiecing Together the Urnfield Mortuary Process in the Lower-Rhine-Basin, Ca. 1300 - 400 BC 205 $a1st ed. 210 1$aLeiden :$cSidestone Press,$d2021. 210 4$d©2021. 215 $a1 online resource (358 pages) 311 $a94-6428-000-X 327 $aIntro -- Introduction: Bits and pieces -- 1.1 A true fact, alternative choices -- 1.7 Research outline -- 1.6 Dataset and methodology -- 1.4 From pots to people 2.0 -- 1.3 A historiographical circle -- 1.2 Urnfields on the edge of the continent: The Lower-Rhine-Basin -- 1.5 Research questions -- The whole is more than the sum of its parts -- 2.1 Introduction -- 2.2 Practice in practice: more than a habit -- 2.6 Conclusion -- 2.5 Piecing together personhood in the Bronze- and Iron Age -- 2.4 Death as a Narrative -- 2.3 The liminality of death -- Dissecting the urnfield funeral -- 3.1 From practice theory to theory in practice -- 3.2 The urnfield mortuary process -- 3.4 Selection of cemeteries -- 3.3 Building the database: the urnfield mortuary process in cells -- The body and the mortuary process -- 4.1 Introduction -- 4.2 Between deathbed and pyre -- 4.5 Conclusion -- 4.4 Between cremation and interment -- 4.3 The cremation process -- Objects and the urnfield mortuary process -- 5.1 Introduction -- 5.2 Urns -- 5.8 Conclusion: So many people, so many ways? -- 5.7 "Admixtures" -- 5.6 Animals and the mortuary process -- 5.5 Treatment of objects -- 5.4 Objects in relation to sex and age -- 5.3 Selection of objects -- Assembling the ancestors -- 6.1 Introduction -- 6.5 Locating the grave -- 6.4 Interring bodies whole: The composition of inhumation graves -- 6.3 Assembling the dead: Modes of interment -- 6.2 Everybody counts: The inclusivity of urnfields -- The related dead -- 7.1 Meaning through practice -- 7.4 Land, ancestors and the related dead -- 7.3 Personhood and the social dead -- 7.2 The origin of urnfield mortuary practices in view of a practice-based approach -- Ancestral landscapes -- 8.1 The first holistic approach to urnfields -- 8.5 Urnfields as part of ancestral landscapes -- 8.4 The open structure of late prehistoric burial grounds. 327 $a8.3 The 'population increase thesis' revisited -- 8.2 On the longevity of late prehistoric farmsteads -- Breaking and making the ancestors -- 9.1 A fragmented past -- 9.5 Epilogue: Why we do the things we do... -- 9.4 The end of the urnfields as we know them -- 9.3 From land and ancestors to ancestral lands -- 9.2 The composite dead -- References -- Appendix I Inventory of sites -- Appendix?II Radiocarbon dates -- Dutch summary -- Acknowledgements -- Blank Page -- Blank Page. 330 $aTowards the capstone of the European Bronze Age, in an area stretching from the Carpathians in the East to the North Sea in the West, vast cremation grave cemeteries occur that are perhaps better known as 'urnfields.' Today some 700 of these burial sites have come to light in the Netherlands alone. In this corner of Europe, also known as the 'Lower-Rhine-Basin,' these cemeteries are often characterised by vast collections of small burial mounds under which the cremated remains of decedents were buried in small shaft-like pits. In many a case the cremated remains had been put in urns first, providing these cemeteries with their very name. Though rich in numbers, urnfield graves are often described as 'poor' and 'simple' as only in rare occasions decedents were provided with grave gifts. However, when close attention is paid to the actions involved in the creation of these seemingly simple graves, they in fact reveal a richness in funerary practices that on their turn hint a complex and intricate mortuary process. This book delves into the wealth of funerary practices reflected in more than 3,000 urnfield graves excavated throughout the Netherlands in order to reconstruct the mortuary process associated with the urnfields in this particular part of Europe. Together these graves tell interesting stories about how the dead related to each other, how plain and simple objects could be used as metaphors in the creation of relational and ancestral identities and how the dead were inextricably linked to the land. 517 $aBreaking and Making the Ancestors 606 $aAntiquities 606 $aBronze age 606 $aExcavations (Archaeology) 615 0$aAntiquities. 615 0$aBronze age. 615 0$aExcavations (Archaeology). 676 $a936.920156 700 $aLouwen$b Arjan$0906632 801 0$bMiAaPQ 801 1$bMiAaPQ 801 2$bMiAaPQ 906 $aBOOK 912 $a9910794554803321 996 $aBreaking and Making the Ancestors$93865029 997 $aUNINA LEADER 02160ngm 2200481 a 450 001 9910867230203321 035 $a(CKB)3790000000009733 035 $a(UkLoHST)2045 035 $a(UkLoHST)HS-2825_1_2 035 $a(EXLCZ)993790000000009733 071 50$a2825$bHenry Stewart Talks 100 $a20110711d2011 || v 101 0 $aeng 135 $aurcna|||a|||| 182 $cc$2rdamedia 183 $acr$2rdacarrier 200 10$aDownsizing $ecosts, consequences, and best practices /$fWayne F. Cascio 210 $aLondon $cHenry Stewart Talks$d2011 215 $a1 online resource (1 streaming video file (37 min.) $ccolor, sound). 225 1 $aHuman resource management : how people can enhance an organization,$x2056-4570 300 $aAnimated audio-visual presentation with synchronized narration. 300 $aTitle from title frames. 327 $aContents: Downsizing: Why it happens -- Does it pay off? -- Economic consequences -- Layoffs around the world -- Direct and indirect costs of layoffs -- When downsizing is unavoidable -- 10 avoidable mistakes in downsizing -- HR practices that limit voluntary employee turnover -- 10 tough questions about downsizing for managers -- What survivors want to know -- What to do when restructuring is necessary -- Who goes? Who stays? -- Corporate communications about restructuring -- Restructuring: What to do. 410 0$aHenry Stewart talks.$pBusiness & management collection.$pHuman resource management. 606 $aCorporate divestiture 606 $aDownsizing of organizations 606 $aEmployees$xDismissal of 606 $aLayoff systems 606 $aOrganizational change$xManagement 606 $aPersonnel management 615 0$aCorporate divestiture. 615 0$aDownsizing of organizations. 615 0$aEmployees$xDismissal of. 615 0$aLayoff systems. 615 0$aOrganizational change$xManagement. 615 0$aPersonnel management. 700 $aCascio$b Wayne F$4spk$0788458 801 0$bUkLoHST 801 1$bUkLoHST 906 $aVIDEO 912 $a9910867230203321 996 $aDownsizing$94173406 997 $aUNINA